| 000 | 00741cab a2200253 4500 | ||
|---|---|---|---|
| 001 | WB3316-42 | ||
| 008 | 090401t1997 xxu||||| |||| 00| 0 eng d | ||
| 035 | _a(Sirsi) u77932 | ||
| 041 | _aeng | ||
| 245 | _aSecond home tax relief | ||
| 260 | _c1997 | ||
| 350 | _a0 | ||
| 490 |
_aEvening Standard Home and Property _v23 April 1997,32(1) |
||
| 520 | _aRecent tax changes allow tax relief to be claimed on a mortgage or loan raised to improve either, a second home or property for investment. | ||
| 650 | _aLETTINGS | ||
| 650 | _aMORTGAGE INTEREST TAX RELIEF | ||
| 650 | _aMORTGAGE | ||
| 650 | _aSECOND HOMES | ||
| 650 | _aSELF-ASSESSMENT | ||
| 650 | _aTAX RELIEF | ||
| 690 | _aTAXATION | ||
| 942 | _n0 | ||
| 948 | _c25/04/1997 | ||
| 999 |
_c49008 _d49008 |
||